| 000 | 00391nam a22001577a 4500 | ||
|---|---|---|---|
| 003 | NUST - PNEC | ||
| 005 | 20170116180944.0 | ||
| 008 | 150907b xxu||||| |||| 00| 0 eng d | ||
| 040 | _cLIBRARY | ||
| 082 | _a621.381 BIS | ||
| 100 |
_98889 _aBishop, Owen |
||
| 245 |
_aUnderstand electronics _cOwen Bishop |
||
| 260 | _cc.1995 | ||
| 650 |
_98886 _aMS Communication _xMSCom |
||
| 942 |
_2ddc _cBK |
||
| 999 |
_c66247 _d66247 |
||